ការចិញ្ចឹមបង្គានៅខេត្តកោះកុង ឆ្នាំ១៩៩៣-១៩៩៤ (Record no. 3542)

000 -LEADER
fixed length control field 00509nam a22001577a 4500
003 - CONTROL NUMBER IDENTIFIER
control field OSt
005 - DATE AND TIME OF LATEST TRANSACTION
control field 20151117151848.0
008 - FIXED-LENGTH DATA ELEMENTS--GENERAL INFORMATION
fixed length control field 151117b xxu||||| |||| 00| 0 eng d
040 ## - CATALOGING SOURCE
Transcribing agency RUA
082 ## - DEWEY DECIMAL CLASSIFICATION NUMBER
Classification number FIS អ៊ុក 1993 B150 Or.1
100 ## - MAIN ENTRY--PERSONAL NAME
9 (RLIN) 3809
Personal name អ៊ុក វិបុល
245 ## - TITLE STATEMENT
Title ការចិញ្ចឹមបង្គានៅខេត្តកោះកុង ឆ្នាំ១៩៩៣-១៩៩៤
260 ## - PUBLICATION, DISTRIBUTION, ETC. (IMPRINT)
Place of publication, distribution, etc. Phnom Penh
Name of publisher, distributor, etc. RUA
Date of publication, distribution, etc. 1993
300 ## - PHYSICAL DESCRIPTION
Extent 89p.
Other physical details ill.
Dimensions 29cm.
942 ## - ADDED ENTRY ELEMENTS (KOHA)
Source of classification or shelving scheme
Koha item type FIS
Holdings
Price effective from Date last seen Permanent Location Not for loan Date acquired Source of classification or shelving scheme Koha item type Barcode Lost status Damaged status Shelving location Withdrawn status Current Location Full call number
2015-11-172015-11-17Library Block B 2015-11-17 FISRUA012110  B150 Library Block BFIS អ៊ុក 1993 B150 Or.1
2015-11-172015-11-17Library Block B 2015-11-17 FISRUA012039  B150 Library Block BFIS អ៊ុក 1993 B150 Or.2
2015-11-172015-11-17Library Block B 2015-11-17 FISRUA012042  B150 Library Block BFIS អ៊ុក 1993 B150 Or.3
2015-11-172015-11-17Library Block B 2015-11-17 FISRUA012255  B150 Library Block BFIS អ៊ុក 1993 B150 Or.4
2015-11-172015-11-17Library Block B 2015-11-17 FISRUA012040  B150 Library Block BFIS អ៊ុក 1993 B150 Or.5
2015-11-172015-11-17Library Block B 2015-11-17 FISRUA012254  B150 Library Block BFIS អ៊ុក 1993 B150 Or.6
2015-11-172015-11-17Library Block B 2015-11-17 FISRUA012667  B150 Library Block BFIS អ៊ុក 1993 B150 Or.7
2015-11-172015-11-17Library Block B 2015-11-17 FISRUA012111  B150 Library Block BFIS អ៊ុក 1993 B150 Or.8
2015-11-172015-11-17Library Block B 2015-11-17 FISRUA020460  B150 Library Block BFIS អ៊ុក 1993 B150 Or.9
2015-11-172015-11-17Library Block B 2015-11-17 FISRUA020612  B150 Library Block BFIS អ៊ុក 1993 B150 Or.10
2015-11-172015-11-17Library Block B 2015-11-17 FISRUA020540  B150 Library Block BFIS អ៊ុក 1993 B150 Or.11
2015-11-172015-11-17Library Block B 2015-11-17 FISRUA012256  B150 Library Block BFIS អ៊ុក 1993 B150 Or.12
2015-11-172015-11-17Library Block B 2015-11-17 FISRUA012184  B150 Library Block BFIS អ៊ុក 1993 B150 Or.13
2015-11-172015-11-17Library Block B 2015-11-17 FISRUA012112  B150 Library Block BFIS អ៊ុក 1993 B150 Or.14
2015-11-172015-11-17Library Block B 2015-11-17 FISRUA020604  B150 Library Block BFIS អ៊ុក 1993 B150 Or.15
2015-11-172015-11-17Library Block B 2015-11-17 FISRUA020532  B150 Library Block BFIS អ៊ុក 1993 B150 Or.16
2015-11-172015-11-17Library Block B 2015-11-17 FISRUA020533  B150 Library Block BFIS អ៊ុក 1993 B150 Or.17
2015-11-172015-11-17Library Block B 2015-11-17 FISRUA020388  B150 Library Block BFIS អ៊ុក 1993 B150 Or.18
មជ្ឈមណ្ឌលឯការនៃសាកលវិទ្យាល័យភូមិន្ទកសិកម្មចំការដូង

Powered by Koha